000 01821nam0a2200421 4500
001 RU\NLR\bibl\136673
005 20260407021332.0
010 _a5-7975-0336-0
_bВ пер.
_91500
021 _aRU
_b2000-35122
_91627
035 _a(NLR Aleph) 000133874
090 _a765068
_c765068
100 _a20010205d2000 |||y0rusy50 ca
101 0 _arus
102 _aRU
105 _aa |||||||||
200 1 _aГосударственное регулирование экономической деятельности
_e[Сб. ст.]
_f[Андрей Агапов, д.ю.н., проф., Мишель Базекс, проф., Эрминио Феррари, проф. и др.]
_gInst. intern. de Paris La Defense, Рос. фонд правовых реформ
210 _aМ.
_cЮристъ
_d2000
215 _a315 с.
_d22
225 1 _aRes cottidiana
225 1 _aГосударство и экономика
309 _aНа тит. л.: Tacis
606 0 _aНародное хозяйство
_jСборники
_xГосударственное регулирование
_91472032
_3RU\NLR\auth\66316376
610 0 _aГосударственное регулирование экономики
675 _a338.242.4(082)
_v3
_zrus
686 _a06.75
_2rugasnti
686 _a65.050
_2rubbk
686 _aУ21(0)2я43
686 _aХ621.14я43
701 1 _aАгапов
_bА. Б.
_gАндрей Борисович
_4070
701 1 _aБазекс
_bМ.
_gМишель
_4070
701 1 _aФеррари
_bЭ.
_gЭрминио
_4070
712 0 2 _4570
_aРоссийский фонд правовых реформ
_3RU\NLR\AUTH\8810006269
_9510023
801 0 _aRU
_bRKP
_c20010205
_gPSBO
801 1 _aRU
_bRKP
_c20010205
801 2 _aRU
_bNLR
_c20010315
_grcr
942 _cBOOK
980 _aNB